000 02954cgm a2200697Ma 4500
001 ocn856014272
003 OCoLC
005 20251028103514.0
007 vd cvaizq
008 050526s2005 xxu093 j vleng d
020 _a1404936289
020 _a9781404936287
024 1 0 _a043396013537
028 4 2 _a01353
_bColumbia TriStar Home Entertainment
035 _a(OCoLC)856014272
040 _aSFE
_cSFE
_dOCLCO
_dCN5O9
_dOCLCO
_dOCLCF
_dOCL
_dOCLCO
_dUINTA
_erda
041 1 _aeng
_afre
_aspa
_heng
_geng
049 _aUCLB
050 1 4 _aPN1997
_b.M385 2005
082 0 4 _a[Fic]
_222
092 _amovie
_bmatilda
245 0 0 _aMatilda
_h[videorecording] /
_cdirected by Danny DeVito.
246 3 0 _aMatilda, special edition
250 _aSpecial ed.
260 _a[United States] :
_bColumbia TriStar Home Entertainment,
_c2005.
264 _a[United States] :
_bColumbia TriStar Home Entertainment,
_c2005.
300 _a1 videodisc (93 min.) :
_bsd., col. ;
_c4 3/4 in.
500 _aOriginally produced as a motion picture in 1996.
511 1 _aDanny DeVito, Rhea Perlman, Embeth Davidtz, Mara Wilson.
520 _aSee the world from a kid's-eye view with MATILDA, a modern fairytale that mixes hilarious humor with the magical message of love. Matilda, a super-smart little girl who's woefully misunderstood by her parents, her brother, and an evil school principal. But with the help of a brave best friend and a wonderful teacher, Matilda discovers she doesn't have to get mad to get even.
521 8 _aMPAA rating: PG.
521 8 _aRating: PG; for elements of exaggerated meanness and ridicule, and for some mild language.
538 _aDVD, region 1, full screen (1.33:1) presentation; Dolby Digital.
540 _aFor private home use only.
546 _aIncludes French and Spanish dubbed versions and subtitles in English, French and Spanish; closed-captioned.
650 0 _aGifted children
_vDrama.
_95731593
650 0 _aTeacher-student relationships
_vDrama.
_95748404
650 0 _aParent and child
_vDrama.
_95714848
650 0 _aChildren's films.
650 7 _aChildren's films.
_2fast
650 7 _aGifted children.
_2fast
650 7 _aParent and child.
_2fast
650 7 _aTeacher-student relationships.
_2fast
655 7 _aComedy films.
_2fast
655 7 _aComedy films.
_2lcgft
655 7 _aDrama.
_2fast
655 7 _achildren's films.
_2aat
655 7 _aJuvenile works
_2fast
_95673941
655 7 _aVideo recordings for the hearing impaired
_2fast
700 1 _aDeVito, Danny.
_926005
700 1 _aPerlman, Rhea.
_970665
700 1 _aDavidtz, Embeth,
_d1966-
_962922
700 1 _aWilson, Mara.
_963357
700 1 _aKazan, Nicholas.
_922344
700 1 _aSwicord, Robin.
_921742
700 1 _aDahl, Roald.
_tMatilda.
_95769037
710 2 _aTri-Star Pictures.
_936498
710 2 _aJersey Films.
_962128
730 0 _aMatilda (Motion picture)
_95829460
942 _2ddc
_cDVD
999 _c200472
_d200472